29 de setembre de 1986 : inauguració dels nous locals i Instal·lacions de la Impremta Escola : 1876-1986 / Fundació Pública Casa de Caritat, Impremta Escola inauguració dels nous locals i Instal·lacions de la Impremta Escola :

Publicat: Barcelona : la Fundació , 1986
Descripció física: [4] p. : il. ; 30 cm

MARC

LEADER 00000nam a2200000Ia 4500
001 15051
008 160829s1986 xx 000 0 cat d
080 |a FU-34-44 
110 |a Casa de Caritat (Barcelona, Catalunya)  |9 52406 
245 |a 29 de setembre de 1986 :  |b  inauguració dels nous locals i Instal·lacions de la Impremta Escola :  |b  1876-1986 / Fundació Pública Casa de Caritat, Impremta Escola 
260 |a Barcelona :  |b la Fundació,  |c 1986 
300 |a [4] p. :  |b  il. ;  |c 30 cm 
590 |a Conté dos fulletons editats en motiu de la inauguració 
610 0 |a Casa de Caritat (Barcelona, Catalunya)  |9 52406 
710 |a Casa de Caritat (Barcelona, Catalunya)  |9 52406 
710 1 |a Barcelona (Catalunya : Província).  |b Diputació  |9 52408 
901 |a Arxiu 
942 |n 1 
952 |0 0  |1 0  |4 0  |6 FU3444  |7 1  |9 47214  |a Arxiu  |b Arxiu  |d 2016-12-01  |l 0  |o FU-34-44  |p 15051  |r 2016-12-01 00:00:00  |w 2016-12-01  |y ARXIU 
999 |c 51011  |d 51011